书目信息 |
| 题名: |
王小波全集
|
|
| 作者: | 王小波 著 | |
| 分册: | 第十卷 未竟稿 | |
| 出版信息: | 昆明 云南人民出版社 2006 |
|
| 页数: | 250页 | |
| 开本: | 23cm | |
| 丛书名: | ||
| 单 册: | ||
| 中图分类: | I217.52 | |
| 科图分类: | ||
| 主题词: | 文学--作品--中国--现代--选集 , 同性恋--问题--研究--中国 , 短篇小说--中国--现代--选集 , 文学 , 电影文学剧本--中国--现代--选集 , 电影文学剧本 , 短篇小说 , 同性恋 | |
| 电子资源: | ||
| ISBN: | 7-222-04766-2 | |
| 000 | 01040nam0 2200301 450 | |
| 001 | 010700037058 | |
| 005 | 20070805164916.57 | |
| 010 | @a7-222-04766-2@b精装@dCNY288.00(全10册) | |
| 100 | @a20070324d2006 em y0chiy0110 ea | |
| 101 | 0 | @achi |
| 102 | @aCN@b530000 | |
| 105 | @ay z 000zy | |
| 200 | 1 | @a王小波全集@9wang xiao bo quan ji@h第十卷@i未竟稿@f王小波著 |
| 210 | @a昆明@c云南人民出版社@d2006@h2007印 | |
| 215 | @a250页@d23cm | |
| 330 | @a本套书收录了王小波生前的重要著述,内容包括作者的杂文、长篇小说、中篇小说、短篇小说、书信集及未竟稿。本卷为未竟稿:大学四年级、黑铁时代、最灿烂的阳光、王仙客寻无双记、白银时代、鬼营等。 | |
| 606 | 0 | @a文学@x作品@y中国@z现代@j选集 |
| 606 | 0 | @a同性恋@x问题@x研究@y中国 |
| 606 | 0 | @a短篇小说@y中国@z现代@j选集 |
| 606 | 0 | @a文学 |
| 606 | 0 | @a电影文学剧本@y中国@z现代@j选集 |
| 606 | 0 | @a电影文学剧本 |
| 606 | 0 | @a短篇小说 |
| 606 | 0 | @a同性恋 |
| 690 | @aI217.52@v4 | |
| 701 | 0 | @a王小波@9wang xiao bo@4著 |
| 801 | 0 | @aCN@bRENTIAN@c20070805 |
| 905 | @a10447@dI217.52@e614:10 | |
| 王小波全集.第十卷.未竟稿/王小波著.-昆明:云南人民出版社,2006(2007印) |
| 250页;23cm |
| ISBN 7-222-04766-2(精装):CNY288.00(全10册) |
| 本套书收录了王小波生前的重要著述,内容包括作者的杂文、长篇小说、中篇小说、短篇小说、书信集及未竟稿。本卷为未竟稿:大学四年级、黑铁时代、最灿烂的阳光、王仙客寻无双记、白银时代、鬼营等。 |
| ● |
| 相关链接 |
|
|
|
|
正题名:王小波全集
索取号:I217.52/614:10
 
预约/预借
| 序号 | 登录号 | 条形码 | 馆藏地/架位号 | 状态 | 备注 |
| 1 | 0808449 | 208084491 | 第一样本阅览室/ [索取号:I217.52/614:10] | 在馆 | |
| 2 | 0808450 | 208084507 | 第二借阅区/ [索取号:I217.52/614:10] | 在馆 | |
| 3 | 0808451 | 208084516 | 第二借阅区/ [索取号:I217.52/614:10] | 在馆 | |
| 4 | 0808452 | 208084525 | 第二借阅区/ [索取号:I217.52/614:10] | 在馆 | |
| 5 | 0808453 | 208084534 | 第二借阅区/ [索取号:I217.52/614:10] | 在馆 | |
| 6 | 0808454 | 208084543 | 第二借阅区/ [索取号:I217.52/614:10] | 在馆 | |
| 7 | 0808455 | 208084552 | 第二借阅区/ [索取号:I217.52/614:10] | 在馆 | |
| 8 | 0808456 | 208084561 | 第二借阅区/ [索取号:I217.52/614:10] | 在馆 | |
| 9 | 0808457 | 208084570 | 第二借阅区/ [索取号:I217.52/614:10] | 在馆 | |
| 10 | 0808458 | 208084589 | 第二借阅区/ [索取号:I217.52/614:10] | 在馆 |